000 00449nam a2200181Ia 4500
005 20250603144550.0
008 250603s9999 xx 000 0 und d
020 _a9781597842656
050 _aBP 252 .N85213/
100 _aNursi, Said, 1873-1960
245 0 _aBelief and unbelief : discussions and comparisons
260 _aNew Jersey
260 _bTughra Books
260 _c2011
300 _a204 p
650 _aNew Jersey
942 _cBK
999 _c39297
_d39297